000 00337 a2200145 4500
001 153771
040 _cEscola São Tomás de Aquino
100 _aSANTOS, Joel Rufino dos
240 1 0 _aO saci e o curupira
_lpor
245 1 0 _aO saci e o curupira
362 0 _a2001
440 1 _aÁtica
697 _a*LITERATURA JUVENIL
942 _cBK
999 _c153771
_d153771